Nuevo diccionario de costarriqueñismos (Registro nro. 13290)
[ vista simple ]
| 000 -Cabecera | |
|---|---|
| Campo de control de longitud fija | 00594nam a22002297a 4500 |
| 005 - Fecha y hora de la última transacción | |
| Campo de control | 20250219141632.0 |
| 008 - Elementos de longitud fija--Información general | |
| Campo de control de longitud fija | 220328b1991 xxu||||| |||| 00| 0 spa d |
| 020 ## - International Standard Book Number | |
| Número Internacional Estándar del Libro (ISBN) | 9977660557 |
| 041 ## - Idioma | |
| Código de idioma | Español |
| 082 ## - Clasificación Decimal Dewey | |
| Número de clasificación | R 467.972.86 Q5n |
| 100 ## - Entrada principal--Autor personal | |
| Nombre personal | Quesada Pacheco, Miguel A. |
| 245 ## - Título propiamente dicho | |
| Título | Nuevo diccionario de costarriqueñismos |
| 260 ## - Pie de imprenta | |
| Lugar de publicación, distribución, etc. | Costa Rica |
| 260 ## - Pie de imprenta | |
| Nombre del editor, distribuidor, etc. | Editorial Tecnológica de Costa Rica |
| 260 ## - Pie de imprenta | |
| Fecha de publicación, distribución, etc. | 1991 |
| 300 ## - Descripción física | |
| Extensión | 228 páginas |
| 650 ## - Materia general | |
| Temática (materia general) | DICCIONARIOS |
| 650 ## - Materia general | |
| Temática (materia general) | COSTARRIQUEÑISMOS |
| 650 ## - Materia general | |
| Temática (materia general) | CULTURA |
| 650 ## - Materia general | |
| Temática (materia general) | IDENTIDAD NACIONAL |
| 942 ## - Punto de acceso adicional KOHA | |
| Tipo de ítem KOHA | Referencia |
| Fuente del sistema de clasificación o colocación | Dewey Decimal Classification |
| Signatura completa | Código de barras | Tipo de ítem |
|---|---|---|
| R 467.972.86 Q5n | 5432 | Referencia |
| R 467.972.86 Q5n | 5433 | Referencia |